000 00867nam a2200217 a 4500
008 071016s1998 ||||||||||||||||| || u
020 _a0821342088
050 _aIBRD(06)ESD/1998/2
100 _aDumanski, Julian
245 1 0 _aIndicators of land quality and sustainable land management: an annotated bibliography
260 _aWashington, D. C.
_bWorld Bank
_c1998
300 _aviii, 124p.
350 _a0.00
490 _aEnvironmentally and Socially Sustainable Development
650 _aLAND CAPABILITY FOR AGRICULTURE--EVALUATION--BIBLIOGRAPHY
650 _aLAND USE, RURAL--EVALUATION--BIBLIOGRAPHY
700 _aGameda, Samuel
700 _aPieri, Christian
710 _aWorld Bank
995 _D0.00
_FCBU-MAIN LIBRARY (Kitwe)
_H1
_I0.00
_M1
_UAVAILABLE
_WOct 16, 2007
_ZInternational Publications
999 _c46653
_d46653